书目信息 |
| 题名: |
肝病与舌象
|
|
| 作者: | 梁惠卿 , 陈少东 , 林立 主编 | |
| 分册: | ||
| 出版信息: | 北京 化学工业出版社 2022 |
|
| 页数: | 155页 | |
| 开本: | 24cm | |
| 丛书名: | ||
| 单 册: | ||
| 中图分类: | R256.4-64 , R241.25-64 , R256.4 | |
| 科图分类: | ||
| 主题词: | 肝病(中医)--舌象--图集 | |
| 电子资源: | ||
| ISBN: | 978-7-122-40852-5 | |
| 000 | 00864nam0 2200265 450 | |
| 001 | 2261312275 | |
| 005 | 20220929170207.44 | |
| 010 | @a978-7-122-40852-5@dCNY68.00 | |
| 100 | @a20220627d2022 em y0chiy50 ea | |
| 101 | 0 | @achi |
| 102 | @aCN@b110000 | |
| 105 | @aa z 000yy | |
| 200 | 1 | @a肝病与舌象@9gan bing yu she xiang@f梁惠卿,陈少东,林立主编 |
| 210 | @a北京@c化学工业出版社@d2022 | |
| 215 | @a155页@d24cm | |
| 330 | @a本书介绍舌诊的基本知识、常见肝病中医辨证与舌象、肝病常用中药与舌象、肝病常用方剂与舌象。附有舌诊指导肝病辨证论治的医案。 | |
| 606 | 0 | @a肝病(中医)@x舌象@j图集 |
| 690 | @aR256.4-64@v5 | |
| 690 | @aR241.25-64@v5 | |
| 690 | @aR256.4@v4 | |
| 701 | 0 | @a梁惠卿@9liang hui qing@f(1977-)@4主编 |
| 701 | 0 | @a陈少东@9chen shao dong@4主编 |
| 701 | 0 | @a林立@9lin li@4主编 |
| 801 | 0 | @aCN@b91MARC@c20220629 |
| 905 | @aZUCC@dR256.4@e9 | |
| 肝病与舌象/梁惠卿,陈少东,林立主编.-北京:化学工业出版社,2022 |
| 155页;24cm |
| ISBN 978-7-122-40852-5:CNY68.00 |
| 本书介绍舌诊的基本知识、常见肝病中医辨证与舌象、肝病常用中药与舌象、肝病常用方剂与舌象。附有舌诊指导肝病辨证论治的医案。 |
| ● |
| 相关链接 |
|
|
|
正题名:肝病与舌象
索取号:R256.4/9
 
预约/预借
| 序号 | 登录号 | 条形码 | 馆藏地/架位号 | 状态 | 备注 |
| 1 | 2000907205 | 2000907205 | 第三书库/ [索取号:R256.4/9] | 在馆 | |
| 2 | 2000907206 | 2000907206 | 第三书库/ [索取号:R256.4/9] | 在馆 | |
| 3 | 2000907207 | 2000907207 | 第三书库/ [索取号:R256.4/9] | 在馆 |